| 000 | 00442nam a22001817a 4500 | ||
|---|---|---|---|
| 003 | MPLRDC | ||
| 005 | 20220104124854.0 | ||
| 008 | 210129b ||||| |||| 00| 0 eng d | ||
| 020 | _a957-8667-45-0 | ||
| 082 | _a538.5 LBL | ||
| 100 | _a林百链 | ||
| 245 |
_a中国节日风物志 _c |
||
| 260 |
_a _b三丰出版社 _c1992 |
||
| 300 | _b平 | ||
| 490 | _a历代古典名著. 5 | ||
| 650 | _a节日; 纪念日 | ||
| 942 |
_cBK _o538.5 LBL |
||
| 999 |
_c22832 _d22822 |
||